| 000 | 00565nam a22001577a 4500 | ||
|---|---|---|---|
| 003 | NUST | ||
| 038 | _aNusrat Nadeem | ||
| 082 | _a200 | ||
| 100 |
_aJaffri, Azka Batool _9130579 |
||
| 245 |
_aImproving Phishing URL Detection Accuracy through Hybrid Learning with Isolation Forest Anomaly Integration/ _cAzka Batool Jaffri, |
||
| 264 |
_aIslamabad: _bSEECS NUST. _c2025. |
||
| 650 |
_aMS- Information Technology _926924 |
||
| 700 |
_aSupervisor: Dr. Hashir Moheed Kiani _997357 |
||
| 856 | _uhttp://10.250.8.41:8080/xmlui/handle/123456789/54744 | ||
| 942 |
_2ddc _cSC |
||
| 999 |
_c614772 _d614772 |
||